| Поле | Инд. | ПП | Название | Значение |
|---|---|---|---|---|
| Тип записи | a | |||
| Библиографический уровень | m | |||
| 001 | Контрольный номер | 0e43b101b3f54483a2a527307ca11b50 | ||
| 005 | Дата корректировки | 20230516123304.3 | ||
| 008 | Кодируемые данные | 20200610 | ||
| 022 | a | ISSN | 1726-6736 | |
| 041 | a | Код языка текста | rus | |
| 084 | a | Индекс другой классификации/Индекс ББК | 74 | |
| 090 | a | Полочн. индекс | 95.2+74 | |
| 099 | a | Индекс | 72296 | |
| 245 | a | Заглавие | Университетская книга | |
| n | Номер части/ раздела | №2/2020 | ||
| b | Продолж. заглавия | информационно-аналитический журнал | ||
| c | Ответственность | учредитель: "ИД Университетская книга"; гл. ред. Е. Бейлина | ||
| 260 | c | Дата издания | 2020 | |
| b | Издательство | Университетская книга | ||
| a | Место издания | Москва | ||
| 300 | a | Объем | 80 с. | |
| 500 | a | Примечание | Журнал | |
| 650 | a | Основная рубрика | образование | |
| a | Основная рубрика | педагогика | ||
| 653 | a | Ключевые слова | библиотеки вузов | |
| a | Ключевые слова | библиотечное дело | ||
| a | Ключевые слова | библиотечные фонды | ||
| a | Ключевые слова | издательства | ||
| a | Ключевые слова | книгоиздание | ||
| a | Ключевые слова | книжный рынок | ||
| a | Ключевые слова | Россия | ||
| a | Ключевые слова | цифровая среда | ||
| a | Ключевые слова | электронно-библиотечные системы (ЭБС) | ||
| 773 | w | Контрольный № источника | 1f7557900ce34a9cad24e260b2bcf33b | |
| 901 | t | Тип документа | s | |
| 952 | a | Тип литературы для КСУ ВШ | НЖ | |
| 991 | s | 6 |